Normal view
MARC view
- বিশ্বাস, শৈলেন্দ্র
Entry Personal Name
001 - CONTROL NUMBER
- control field: 213
003 - CONTROL NUMBER IDENTIFIER
- control field: OSt
005 - DATE AND TIME OF LATEST TRANSACTION
- control field: 20151215094825.0
008 - FIXED-LENGTH DATA ELEMENTS
- fixed length control field: 151215|| aca||aabn | a|a d
040 ## - CATALOGING SOURCE
- Original cataloging agency: OSt
100 ## - HEADING--PERSONAL NAME
- Personal name: বিশ্বাস, শৈলেন্দ্র
